Vieuxtemps. Sa vie, ses oeuvres / (Record no. 83276)
[ view plain ]
| 000 -LEADER | |
|---|---|
| campo de control de longitud fija | 00690nam a22002175i 4500 |
| 001 - NÚMERO DE CONTROL | |
| campo de control | C00086977c |
| 005 - FECHA Y HORA DE LA ÚLTIMA TRANSACCIÓN | |
| campo de control | 20241029152942.0 |
| 008 - DATOS DE LONGITUD FIJA--INFORMACIÓN GENERAL | |
| campo de control de longitud fija | 240227s1891 be af ||| | fre d |
| 035 ## - NÚMERO DE CONTROL DEL SISTEMA | |
| Número de control de sistema | DMBR990306365 |
| 035 ## - NÚMERO DE CONTROL DEL SISTEMA | |
| Número de control de sistema | CCPB000300280-2 |
| 040 ## - FUENTE DE CATALOGACIÓN | |
| Centro catalogador/agencia de origen | CCPB-B |
| Lengua de catalogación | spa |
| Centro/agencia transcriptor | CCPB-B |
| Normas de descripción | rdc |
| 100 1# - ENTRADA PRINCIPAL--NOMBRE DE PERSONA | |
| Nombre de persona | Radoux, Jean Théodore ( |
| Fechas asociadas al nombre | 1835-1911) |
| 9 (RLIN) | 65716 |
| 245 10 - MENCIÓN DEL TÍTULO | |
| Título | Vieuxtemps. Sa vie, ses oeuvres / |
| Mención de responsabilidad, etc. | J.-Théodore Radoux. |
| 260 ## - PUBLICACIÓN, DISTRIBUCIÓN, ETC. | |
| Lugar de publicación, distribución, etc. | Liège : |
| Nombre del editor, distribuidor, etc. | Aug. Bénard, |
| Fecha de publicación, distribución, etc. | 1891. |
| 300 ## - DESCRIPCIÓN FÍSICA | |
| Extensión | [4], 166, [12] p. : |
| Otras características físicas | il. ; |
| Dimensiones | 23 cm. |
| 600 14 - PUNTO DE ACCESO ADICIONAL DE MATERIA--NOMBRE DE PERSONA | |
| Nombre de persona | Vieuxtemps, Henry ( |
| Fechas asociadas al nombre | 1820-1881)- |
| Subdivisión de forma | Biografías. |
| 9 (RLIN) | 110661 |
| 752 ## - ENTRADA AGREGADA--NOMBRE JERÁRQUICO DEL LUGAR | |
| País o entidad superior | Bélgica - |
| Ciudad | Lieja |
| 852 4# - LOCALIZACIÓN | |
| Ubicación | M-RABA |
| Número de control de estantería | A-1959 |
| Estatus retirado | Estado de pérdida | Estado de daño | No para préstamo | Colección | Biblioteca de origen | Biblioteca actual | Ubicación en estantería | Fecha de adquisición | Total de préstamos | Signatura topográfica completa | Código de barras | Visto por última vez | Precio de reemplazo | Tipo de ítem Koha |
|---|---|---|---|---|---|---|---|---|---|---|---|---|---|---|
| Real Academia de la Bellas Artes de San Fernando | Real Academia de la Bellas Artes de San Fernando | Depósito 1 | 27/02/2024 | A-1959 | 1093062 | 15/10/2024 | 15/10/2024 | Fondo antiguo |